Battleships and Battlecruisers of the Soviet Navy - Statistics

General Stats
  • This quiz has been taken 6 times
  • The average score is 14 of 26
Answer Stats
Class Hint Answer % Correct
Andrei Pervozvanny Scrapped in 15 December 1923 Andrei Pervozvanny
100%
Gangut Renamed Oktyabrskaya Revolutsiya in 1925, scrapped in May 1958 Gangut
100%
Imperatritsa Mariya Sunk by internal explosion on 20 October 1916, scrapped in 1926 Imperatritsa Mariya
100%
Kirov Renamed Admiral Ushakov in 1992, laid up to be scrapped since 2021 Kirov
100%
Kronshtadt Cancelled in 1948 Kronshtadt
100%
Stalingrad Cancelled in 1952 Kronshtadt
100%
Sovetsky Soyuz Cancelled and scrapped in April 1949 Sovetsky Soyuz
100%
Stalingrad Cancelled in 1952 Stalingrad
100%
Kirov Renamed Admiral Lazarev in 1992, scrapped in April 2021 Frunze
75%
Kirov Renamed Admiral Nakhimov in 1992 Kalinin
75%
Stalingrad Cancelled in 1952 Moskva
50%
Gangut Renamed Frunze in 1926, scrapped in 1949 Poltava
50%
Kirov Renamed Pyotr Velikiy in 1992 Yuri Andropov
50%
Stalingrad Cancelled in 1952 Arkhangelsk
25%
Kirov Cancelled on 4 October 1990 Dzerzhinsky
25%
Imperatritsa Mariya Renamed Volia and then General Alekseyev in 1920, scrapped in 1936 Imperator Aleksandr III
25%
--- Cancelled on 24 October 1917 and renamed Demokratiia, then Soborna Ukraina in 1919, scrapped in 1927 Imperator Nikolai I
25%
Andrei Pervozvanny Renamed Respublika in 1917, scrapped on 22 November 1923 Imperator Pavel I
25%
Imperatritsa Mariya Renamed Svobodnaya Rossiya in 1917, scuttled on 18 June 1918 Imperatritsa Ekaterina Velikaya
25%
Gangut Renamed Marat in 1921, sunk by airplanes on 23 September 1941 Petropavlovsk
25%
Gangut Renamed Parizhskaya Kommuna in 1921, scrapped in 1957 Sevastopol
25%
Kronshtadt Cancelled in 1948 Sevastopol
25%
Sovetsky Soyuz Cancelled and scrapped on 19 October 1940 Sovetskaya Belorussiya
25%
Sovetsky Soyuz Cancelled in 1941 Sovetskaya Gruziya
25%
Sovetsky Soyuz Cancelled and scrapped on 27 March 1947 Sovetskaya Rossiya
25%
Sovetsky Soyuz Cancelled and scrapped on 27 March 1947 Sovetskaya Ukraina
25%
No matching quizzes found
Score Distribution
Percent of People with Each Score
Percentile by Number Answered
Your Score History
You have not taken this quiz